Least Democratic Countries - Statistics

General Stats
  • This quiz has been taken 4,847 times
    3,120 since last reset
  • The average score is 12 of 20
Answer Stats
Score/10 Country % Correct
1.08 North Korea
94%
1.98 Iran
84%
1.82 Saudi Arabia
78%
1.74 Syria
76%
2.77 Afghanistan
73%
1.75 Democratic Republic of the Congo
73%
2.79 Yemen
71%
2.54 Sudan
70%
1.5 Chad
59%
2.64 United Arab Emirates
59%
1.83 Turkmenistan
57%
2.45 Uzbekistan
52%
2.44 Eritrea
51%
2.37 Tajikistan
51%
1.49 Central African Republic
50%
2.21 Laos
45%
2.78 Zimbabwe
42%
2.83 Azerbaijan
33%
1.66 Equatorial Guinea
27%
1.93 Guinea-Bissau
23%
No matching quizzes found
Score Distribution
Percent of People with Each Score
Percentile by Number Answered
Your Score History
You have not taken this quiz since the last reset